000 00257nam a2200109Ia 4500
005 20251222143247.0
008 251222s9999||||xx |||||||||||||| ||spa||
082 _a240/M26
100 _aMarmión, Columba
245 0 _aJesucristo Vida del Alma
942 _cLIB
999 _c14793
_d14793